| Поле | Инд. | ПП | Название | Значение |
|---|---|---|---|---|
| Тип записи | a | |||
| Библиографический уровень | b | |||
| 001 | Контрольный номер | 73d0336d22ad4c3da48746af010974db | ||
| 005 | Дата корректировки | 20200630193136.7 | ||
| 008 | Кодируемые данные | 20170331 | ||
| 040 | b | Код языка каталог. | rus | |
| e | Правила каталог. | PSBO | ||
| 041 | 0_ | a | Код языка текста | rus |
| 084 | a | Индекс другой классификации/Индекс ББК | 67.400.2(2Рос) | |
| 100 | 1_ | a | Автор | Лунгу Е. В. |
| 245 | 10 | a | Заглавие | Тенденции развития конституционных правоотношений в свете перехода к Digital State |
| 650 | 14 | a | Основная рубрика | право; конституционное право (государственное право) |
| 653 | 0_ | a | Ключевые слова | Digital State |
| a | Ключевые слова | искусственный интеллект | ||
| a | Ключевые слова | конституционные правоотношения | ||
| a | Ключевые слова | конституционные принципы | ||
| a | Ключевые слова | конституционные ценности | ||
| a | Ключевые слова | Конституция РФ | ||
| a | Ключевые слова | Россия | ||
| a | Ключевые слова | цифровая демократия | ||
| a | Ключевые слова | цифровое государство | ||
| a | Ключевые слова | цифровые технологии | ||
| 773 | 08 | t | Заглавие источника | Российская юстиция |
| d | Дата издания источника | 2020 | ||
| g | Прочая информация | № 2. - С. 61 - 63 | ||
| w | Контрольный № источника | bd79b8de93a941129b7f256c84795769 | ||
| 901 | t | Тип документа | b |